logo

Bir Sreshtho Munshi Abdur Rouf Library
Jhenaidah Cadet College

ভেষজ উদ্ভিদ ও লোকজ ব্যবহার / (Record no. 6559)

MARC details
000 -LEADER
fixed length control field 00645nam a2200217 a 4500
001 - CONTROL NUMBER
JCCL Control Number 6559
003 - CONTROL NUMBER IDENTIFIER
JCCL marc code BD-JhCC
005 - DATE AND TIME OF LATEST TRANSACTION
control field 20180125131235.0
008 - FIXED-LENGTH DATA ELEMENTS--GENERAL INFORMATION
fixed length control field 180125s2006 b ||||| |||| 00| 0 b d
035 ## - SYSTEM CONTROL NUMBER
system control number (BD-JhCC)
040 ## - CATALOGING SOURCE
Original cataloging agency BD-JhCC
Modifying agency BD-JhCC
041 ## - LANGUAGE CODE
Language code of Book ben
082 ## - DEWEY DECIMAL CLASSIFICATION NUMBER
Classification number 615.32095
Author mark and Year THA 2006
100 ## - MAIN ENTRY--PERSONAL NAME
Personal name ঠাকুর, অবনীভূষণ
245 ## - TITLE STATEMENT
Title ভেষজ উদ্ভিদ ও লোকজ ব্যবহার /
Statement of responsibility, etc অবনীভূষণ ঠাকুর
260 ## - PUBLICATION, DISTRIBUTION, ETC. (IMPRINT)
Place of publication, distribution, etc ঢাকা :
Name of publisher, distributor, etc অবসর,
Date of publication, distribution, etc ২০০৬
300 ## - PHYSICAL DESCRIPTION
Pagination 295p. :
Dimensions 22cm.
650 ## - SUBJECT ADDED ENTRY--TOPICAL TERM
Topical term or geographic name as entry element Medicinal Plants
942 ## - ADDED ENTRY ELEMENTS (KOHA)
Source of classification or shelving scheme Dewey Decimal Classification
Koha item type Books
Holdings
Source of classification or shelving scheme Damaged status Not for loan Home library Current library Shelving location Date of accession Cost, normal purchase price Total Checkouts Full call number Barcode Date last seen Copy number Koha item type
Dewey Decimal Classification     JCC Rouf Library JCC Rouf Library General Stacks 01/25/2018 380.00   615.32095 THA 2006 8835 01/25/2018 C - 1 Books

JCC Library | Contacts | JCC Home

Last Update on 23 September 2017
Copyright @ 2017-2020 JCC Rouf Library
Rouf Library, Jhenidah Cadet College (JCC), Bangladesh